| 000 | 00377nam a2200133 a 4500 | ||
|---|---|---|---|
| 003 | DLC | ||
| 005 | 20210219152751.0 | ||
| 035 | _aUPN01000060441 | ||
| 245 | 0 | 0 | _aFORO DE EDUCACION CONTINUA |
| 260 |
_aDistrito Federal, México _bCentro Coordinador de Educación Continua para el Magisterio del Estado de México |
||
| 310 | _aTrimestral | ||
| 905 | _aRevista | ||
| 999 |
_c60219 _d60219 |
||